00545nam a2200157 a 450000100100000000500170001000800410002704000250006808200150009310000340010824500560014226000390019830000200023795201130025799900170037000003337020200930070218.0110825s1926 dr 000 p spa d aDO-SdBNPbspacBNPHU axxxbC355p1 aCastro H., Julio Cesar95894810aPor la libertad del mundo. /cJulio Cesar Castro H. aSanto Domingo, :bMontalvo,c1926. a12 p. ;c16 cm. 001050728RVaPDbPDcBDd2011-08-25iLF1l0oxxx C355pp33370-10r2020-06-25w2020-06-25y1ZNo se presta c32861d32861